ASP .NET XML webová služba poskytujúca usporiadané informácie o klientoch detského domova diplomová práca

Guardado en:
Detalles Bibliográficos
Autor principal: Bujdoš, Tomáš
Autor Corporativo: Fakulta hospodárskej informatiky EU. Katedra aplikovanej informatiky
Otros Autores: Košťál, Igor, 1962-
Formato: Libro
Lenguaje:eslovaco
Publicado: Bratislava 2025
Etiquetas: Agregar Etiqueta
Sin Etiquetas, Sea el primero en etiquetar este registro!

MARC

LEADER 00000nbm a2200000 4500
001 0310545
005 20251121095517.2
041 0 |a slo 
044 |a SK 
245 1 0 |a ASP .NET XML webová služba poskytujúca usporiadané informácie o klientoch detského domova  |b diplomová práca  |c Tomáš Bujdoš ; školiteľ: Igor Košťál 
264 1 |a Bratislava  |c 2025 
300 |a 81 s. 
100 1 |a Bujdoš, Tomáš 
700 1 |a Košťál, Igor, 1962- 
710 2 |a Fakulta hospodárskej informatiky EU. Katedra aplikovanej informatiky